The power of greed : collective action in international development
Αποθηκεύτηκε σε:
| Κύριος συγγραφέας: | |
|---|---|
| Άλλοι συγγραφείς: | |
| Μορφή: | Βιβλίο |
| Γλώσσα: | English |
| Δημοσίευση: |
Edmonton, Canada :
University of Alberta Press,
2005
|
| Θέματα: | |
| Ετικέτες: |
Προσθήκη ετικέτας
Δεν υπάρχουν, Καταχωρήστε ετικέτα πρώτοι!
|
MARC
| LEADER | 00000nam a2200000 i 4500 | ||
|---|---|---|---|
| 001 | 1/47716 | ||
| 008 | 070706s2005 eng d | ||
| 020 | |a 978-0-88864-429-9 (pbk.) | ||
| 020 | |a 0-88864-429-9 (pbk.) | ||
| 035 | |l 10088715 | ||
| 040 | |a GR-MY-UA |b gre |e aacr | ||
| 041 | 0 | |a eng | |
| 082 | 0 | |a 338.91091724 |2 (22) | |
| 100 | 1 | |a Rosberg, Michael |d 1943- | |
| 245 | 1 | 4 | |a The power of greed : |b collective action in international development / |c Michael Rosberg |
| 260 | |a Edmonton, Canada : |b University of Alberta Press, |c 2005 | ||
| 300 | |a xxxvii, 299 σ.; |b χάρτες; |c 23 εκ. | ||
| 504 | |a Βιβλιογραφία: σ. 277-285 | ||
| 504 | |a Περιέχει ευρετήριο | ||
| 650 | 0 | 0 | |a Economic assistance |z Developing countries. |
| 650 | 0 | 0 | |a Self-interest |z Developing countries. |
| 650 | 0 | 0 | |a Economic development projects |x Social aspects |z Developing countries. |
| 700 | 1 | |a Greenfield, Sidney M. |4 aui | |
| 852 | |a INST |b LESVOS |e 20070706 |h 338.91091724 ROS |p 005100037838 |q 005100037838 |t BK |y 0 | ||
| 901 | |a BIBL1-2007-2 | ||
| 909 | |a Λ |b 135584 | ||
| 922 | |a 1ΕΛΗ |b 200706 |c ΕΠΕΑΕΚ2/ΤΚ |d ΠΑΠΑΣΩΤΗΡΙΟΥ | ||
| 970 | |a ΒΑΡΚΑ |b ΕΛΕΥΘΕΡΙΑ |z 2007/07/06 | ||